000 00610nam a2200229 a 4500
001
003 DO-SdBNP
005 20220204075629.0
008 180402s2015 dr 0 spa d
020 _a9789945083422
040 _aDO-SdBNP
_bspa
_cBPMSU
082 _aRD863.44
_bU75R 2015
_222
100 1 _aUreña, José
245 1 0 _aRuth :
_bentre Dachau y Sosúa /
_cJosé Ureña.
260 _aSanto Domingo :
_bSoto Castillo,
_c2015.
300 _a262 p. ;
_c24 cm.
590 _aInventariado, 2022/VM
650 4 _aNovelas dominicanas
650 4 _aLiteratura dominicana.
910 _aVMateo V.
942 _2ddc
_cBK
999 _c13397
_d13397